Огненные были (Запись № 13543793)

Подробности
000 -МАРКЕР
контрольное поле 02528nam0a2200469 4500
001 - ИДЕНТИФИКАТОР ЗАПИСИ
контрольное поле RU\NLR\BIBL_A\022662538
005 - ИДЕНТИФИКАТОР ВЕРСИИ
контрольное поле 20260406085856.0
010 ## - МЕЖДУНАРОДНЫЙ СТАНДАРТНЫЙ НОМЕР КНИГИ (ISBN)
Номер (ISBN) 978-5-7924-2148-6
Тираж 1000
035 ## - ДРУГИЕ СИСТЕМНЫЕ НОМЕРА
Идентификатор записи (NLR Aleph) 022662538
100 ## - ДАННЫЕ ОБЩЕЙ ОБРАБОТКИ
Данные общей обработки 20251110d2025 u y0rusy50 ca
101 0# - ЯЗЫК РЕСУРСА
Язык текста, звукозаписи и т.д. русский
102 ## - СТРАНА ПУБЛИКАЦИИ ИЛИ ПРОИЗВОДСТВА
Страна публикации российская федерация
105 ## - ПОЛЕ КОДИРОВАННЫХ ДАННЫХ: ТЕКСТОВЫЕ МАТЕРИАЛЫ, МОНОГРАФИЧЕСКИЕ
Кодированные данные о монографическом текстовом документе ac z 000аy
181 #0 - ПОЛЕ КОДИРОВАННЫХ ДАННЫХ: ВИД СОДЕРЖАНИЯ
Код вида содержания (ISBD) i
Код характеристики содержания (ISBD) axxe
182 #0 - ПОЛЕ КОДИРОВАННЫХ ДАННЫХ: ТИП СРЕДСТВА
Код типа средства (ISBD) n - непосредственное
200 1# - ЗАГЛАВИЕ И СВЕДЕНИЯ ОБ ОТВЕТСТВЕННОСТИ
Основное заглавие Огненные были
Сведения, относящиеся к заглавию [стихи, проза, очерки, воспоминания]
Первые сведения об ответственности составители: И. В. Пырков, Н. А. Кочелаева
Последующие сведения об ответственности редакционная коллегия: Р. В. Бусаргин [и др.]
203 ## - ВИД СОДЕРЖАНИЯ И ТИП СРЕДСТВА
Вид содержания Текст
Дополнительные сведения об издании визуальный
Тип средства непосредственный
210 ## - ПУБЛИКАЦИЯ, РАСПРОСТРАНЕНИЕ И ДР.
Место издания, распространения и т.д. Саратов
Имя издателя, распространителя и т. д. Изд-во Саратовской государственной юридической академии
Дата издания, распространения и т.д. 2025
215 ## - ФИЗИЧЕСКАЯ ХАРАКТЕРИСТИКА
Специфическое обозначение материала и объем 151 с.
Другие сведения о физической характеристике ил., портр.
Размеры 27
606 1# - НАИМЕНОВАНИЕ ТЕМЫ КАК ПРЕДМЕТ
Наименование темы Великая Отечественная война
Тематический подзаголовок в художественной литературе
Хронологический подзаголовок 1941 - 1945
Системный номер авторитетной/нормативной записи 1237620
Идентификатор авторитетной/нормативной записи RU\NLR\AUTH\66187768
686 0# - ИНДЕКСЫ ДРУГИХ КЛАССИФИКАЦИЙ
Индекс Ш9(2)62=Р7я43
686 2# - ИНДЕКСЫ ДРУГИХ КЛАССИФИКАЦИЙ
Индекс Ш6(2=Р)75-94
686 2# - ИНДЕКСЫ ДРУГИХ КЛАССИФИКАЦИЙ
Индекс Ш6(2=Р)8-94
702 #1 - ИМЯ ЛИЦА - ВТОРИЧНАЯ ОТВЕТСТВЕННОСТЬ
Код отношения Составитель
Графика поля Кириллица
Материалы, к которым относится поле rus
Начальный элемент ввода Пырков
Часть имени, кроме начального элемента ввода И. В.
Даты 1972-
Расширение инициалов личного имени Иван Владимирович
Идентификатор авторитетной/нормативной записи RU\NLR\AUTH\770280457
Системный номер авторитетной/нормативной записи 2652424
702 #1 - ИМЯ ЛИЦА - ВТОРИЧНАЯ ОТВЕТСТВЕННОСТЬ
Начальный элемент ввода Бусаргин
Часть имени, кроме начального элемента ввода Р. В.
Расширение инициалов личного имени Роман Викторович
Код отношения Редактор
856 4# - МЕСТОНАХОЖДЕНИЕ ЭЛЕКТРОННЫХ РЕСУРОВ И ДОСТУП К НИМ
Имя пользователя (logon/login) VNP_SKP
Эмуляция терминала (Terminal emulation) VIEW
Универсальный идентификатор ресурса (Uniform Resource Identifier) https://webservices.nlr.ru/viewer/file?name=a022662538_002.txt
Тип доступа (Access method) Аннотация
856 4# - МЕСТОНАХОЖДЕНИЕ ЭЛЕКТРОННЫХ РЕСУРОВ И ДОСТУП К НИМ
Имя пользователя (logon/login) VNP_SKP
Эмуляция терминала (Terminal emulation) VIEW
Универсальный идентификатор ресурса (Uniform Resource Identifier) https://webservices.nlr.ru/viewer/file?name=p022662538_003.jpg
Непубликуемое примечание (Nonpublic note) 001
Тип доступа (Access method) Страница
856 4# - МЕСТОНАХОЖДЕНИЕ ЭЛЕКТРОННЫХ РЕСУРОВ И ДОСТУП К НИМ
Имя пользователя (logon/login) VNP_SKP
Эмуляция терминала (Terminal emulation) VIEW
Универсальный идентификатор ресурса (Uniform Resource Identifier) https://webservices.nlr.ru/viewer/file?name=p022662538_004.jpg
Непубликуемое примечание (Nonpublic note) 002
Тип доступа (Access method) Страница
856 4# - МЕСТОНАХОЖДЕНИЕ ЭЛЕКТРОННЫХ РЕСУРОВ И ДОСТУП К НИМ
Имя пользователя (logon/login) VNP_SKP
Эмуляция терминала (Terminal emulation) VIEW
Универсальный идентификатор ресурса (Uniform Resource Identifier) https://webservices.nlr.ru/viewer/file?name=p022662538_005.jpg
Непубликуемое примечание (Nonpublic note) 003
Тип доступа (Access method) Страница
856 4# - МЕСТОНАХОЖДЕНИЕ ЭЛЕКТРОННЫХ РЕСУРОВ И ДОСТУП К НИМ
Имя пользователя (logon/login) VNP_SKP
Эмуляция терминала (Terminal emulation) VIEW
Универсальный идентификатор ресурса (Uniform Resource Identifier) https://webservices.nlr.ru/viewer/file?name=p022662538_006.jpg
Непубликуемое примечание (Nonpublic note) 004
Тип доступа (Access method) Страница
856 4# - МЕСТОНАХОЖДЕНИЕ ЭЛЕКТРОННЫХ РЕСУРОВ И ДОСТУП К НИМ
Имя пользователя (logon/login) VNP_SKP
Эмуляция терминала (Terminal emulation) VIEW
Универсальный идентификатор ресурса (Uniform Resource Identifier) https://webservices.nlr.ru/viewer/file?name=p022662538_007.jpg
Непубликуемое примечание (Nonpublic note) 005
Тип доступа (Access method) Страница
856 4# - МЕСТОНАХОЖДЕНИЕ ЭЛЕКТРОННЫХ РЕСУРОВ И ДОСТУП К НИМ
Имя пользователя (logon/login) VNP_SKP
Эмуляция терминала (Terminal emulation) VIEW
Универсальный идентификатор ресурса (Uniform Resource Identifier) https://webservices.nlr.ru/viewer/file?name=p022662538_008.jpg
Непубликуемое примечание (Nonpublic note) 006
Тип доступа (Access method) Страница
856 41 - МЕСТОНАХОЖДЕНИЕ ЭЛЕКТРОННЫХ РЕСУРОВ И ДОСТУП К НИМ
Имя пользователя (logon/login) VNP_SKP
Эмуляция терминала (Terminal emulation) VIEW
Универсальный идентификатор ресурса (Uniform Resource Identifier) https://webservices.nlr.ru/viewer/file?name=t022662538_001.jpg
Тип доступа (Access method) Обложка
942 ## - ДОПОЛНИТЕЛЬНЫЕ ЭЛЕМЕНТЫ ЗАПИСИ (АБИС)
Тип экземпляра АБИС Книга
980 4# - КОЛЛЕКЦИЯ
Название коллекции Отдел обработки и каталогизации
980 ## - КОЛЛЕКЦИЯ
Название коллекции Национальная библиография

Нет доступных экземпляров.